High-A Minor League Baseball Teams - Statistics

General Stats
  • This quiz has been taken 62 times
    22 since last reset
  • The average score is 19 of 30
Answer Stats
Major League Affiliate Location Team Name % Correct
Chicago Cubs South Bend Cubs
82%
New York Yankees Hudson Valley Renegades
82%
New York Mets Brooklyn Cyclones
76%
Chicago White Sox Winston-Salem Dash
76%
Boston Red Sox Greenville Drive
76%
Oakland Athletics Lasing Lugnuts
76%
Milwaukee Brewers Wisconsin Timber Rattlers
76%
Cleveland Guardians Lake County Captains
71%
Tampa Bay Rays Bowling Green Hot Rods
71%
Baltimore Orioles Aberdeen IronBirds
71%
Houston Astros Asheville Tourists
71%
Seattle Mariners Everett AquaSox
65%
Toronto Blue Jays Vancouver Canadians
65%
Texas Rangers Hickory Crawdads
65%
San Francisco Giants Eugene Emeralds
65%
Colorado Rockies Spokane Indians
65%
Los Angeles Dodgers Great Lakes Loons
65%
Kansas City Royals Quad City River Bandits
65%
Pittsburgh Pirates Greensboro Grasshoppers
59%
Miami Marlins Beloit Sky Carp
59%
Philadelphia Phillies Jersey Shore BlueClaws
53%
St. Louis Cardinals Peoria Chiefs
53%
Arizona Diamondbacks Hillsboro Hops
53%
San Diego Padres Fort Wayne TinCaps
53%
Washington Nationals Wilmington Blue Rocks
47%
Cincinnati Reds Daytona Dragons
47%
Detroit Tigers West Michigan Whitecaps
47%
Atlanta Braves Rome Emperors
41%
Minnesota Twins Cedar Rapids Kernels
41%
Los Angeles Angels Tri-City Dust Devils
29%
No matching quizzes found
Score Distribution
Percent of People with Each Score
Percentile by Number Answered
Your Score History
You have not taken this quiz since the last reset